Onion John. (Record no. 147)

MARC details
000 -LEADER
fixed length control field 00839nam a22002657a 4500
001 - CONTROL NUMBER
control field 147
003 - CONTROL NUMBER IDENTIFIER
control field FISKH
005 - DATE AND TIME OF LATEST TRANSACTION
control field 20230301103628.0
008 - FIXED-LENGTH DATA ELEMENTS--GENERAL INFORMATION
fixed length control field 230301b cb ||||| |||| 00| 0 eng d
040 ## - CATALOGING SOURCE
Original cataloging agency DLC
Transcribing agency DLC
Modifying agency DLC
-- FISKH
Language of cataloging eng
050 00 - LIBRARY OF CONGRESS CALL NUMBER
Classification number PZ7.K946
Item number On
082 00 - DEWEY DECIMAL CLASSIFICATION NUMBER
Classification number 813
Edition number 19
100 1# - MAIN ENTRY--PERSONAL NAME
Personal name Krumgold, Joseph,
Dates associated with a name 1908-1980.
245 10 - TITLE STATEMENT
Title Onion John.
Statement of responsibility, etc. Illustrated by Symeon Shimin.
260 ## - PUBLICATION, DISTRIBUTION, ETC.
Place of publication, distribution, etc. New York
Name of publisher, distributor, etc. Harper Collins
Date of publication, distribution, etc. 1984
300 ## - PHYSICAL DESCRIPTION
Extent p. 248 p.
Other physical details illus.
Dimensions 20 cm.
520 ## - SUMMARY, ETC.
Summary, etc. His friendship with the town odd-jobs man, Onion John, causes a conflict between Andy and his father.
521 8# - TARGET AUDIENCE NOTE
Target audience note 710
Source Lexile
521 8# - TARGET AUDIENCE NOTE
Target audience note M
Source Raz-Plus
650 #1 - SUBJECT ADDED ENTRY--TOPICAL TERM
Topical term or geographic name entry element Fathers and sons
General subdivision Fiction.
650 #1 - SUBJECT ADDED ENTRY--TOPICAL TERM
Topical term or geographic name entry element Friendship
General subdivision Fiction.
700 1# - ADDED ENTRY--PERSONAL NAME
Personal name Shimin, Symeon,
Dates associated with a name 1902-1984.
906 ## - LOCAL DATA ELEMENT F, LDF (RLIN)
a 7
b cbc
c orignew
d 1
e ocip
f 19
g y-gencatlg
942 ## - ADDED ENTRY ELEMENTS (KOHA)
Source of classification or shelving scheme Dewey Decimal Classification
Koha item type Books
Suppress in OPAC No
Holdings
Withdrawn status Lost status Source of classification or shelving scheme Damaged status Not for loan Collection Home library Current library Shelving location Date acquired Total Checkouts Full call number Barcode Date last seen Price effective from Koha item type
    Dewey Decimal Classification     Juvenile Fiction Footprints International School Library Network Toul Kork Campus Footprints International School Library Network Toul Kork Campus TK Primary Library Room(4th Floor), Bookcase 5&6, Shelves 33-56, Orange Books 03/01/2023   FRU 813 PZ7.K946 FISTK00348 03/01/2023 03/01/2023 Books